Notas taxonômicas em Verbenaceae do Brasil (Registro n. 330255)
[ somente texto ]
| 000 -LÍDER | |
|---|---|
| fixed length control field | 01683nab a2200265 i 4500 |
| 003 - CÓDIGO MARC DA AGÊNCIA CATALOGADORA | |
| Campo de controle | BR-BrBNA |
| 005 - DATA E HORA DA ÚLTIMA ATUALIZAÇÃO | |
| Campo de controle | 20250307101707.0 |
| 008 - CAMPO DE TAMANHO FIXO | |
| fixed length control field | 250307b2015 bl.qr|pooa||| 00| 0 por | |
| 040 ## - FONTE DA CATALOGAÇÃO | |
| Agência catalogadora | BR-BrBNA |
| Idioma da catalogação | por |
| 072 ## - CATEGORIA AGRIS | |
| Código AGRIS | F70 |
| 100 ## - ENTRADA PRINCIPAL - NOME PESSOAL | |
| Nome pessoal | Salimena, Fátima Regina G. |
| 100 ## - ENTRADA PRINCIPAL - NOME PESSOAL | |
| Nome pessoal | Múlgura, Maria Ema |
| 245 ## - TÍTULO PRINCIPAL | |
| Título principal | Notas taxonômicas em Verbenaceae do Brasil |
| 500 ## - NOTA GERAL | |
| Nota geral | Publicação on-line; 21 ref.; Summaries (En, Pt) |
| 942 ## - ADDED ENTRY ELEMENTS (KOHA) | |
| Koha item type | Analítica |
| 520 ## - NOTA DE RESUMO | |
| Nota de conteúdo | <br/><br/>Resumo<br/><br/>Como parte da revisão da família Verbenaceae para a Flora do Brasil são apresentados dois sinônimos<br/>novos, e uma combinação nova no gênero Lantana, bem como um nome novo, dez sinônimos novos e dez<br/>lectotipificações no gênero Lippia e dois sinônimos novos em Stachytarpheta.<br/><br/>Palavras-chave: Flora do Brasil, Lantana, Lippia, Stachytarpheta,taxonomia.<br/><br/><br/><br/><br/>Abstract<br/><br/>As part of the revision of the family Verbenaceae for the Flora of Brazil, two new synonyms and one new<br/>combination in the genus Lantana, as well as one new name, ten new synonyms and ten lectotypifications in<br/>the genus Lippia and two new synonyms in Stachytarpheta are presented.<br/><br/>Key words: Flora of Brazil, Lantana, Lippia, Stachytarpheta, taxonomy |
| 650 ## - ASSUNTO - THESAGRO | |
| Cabeçalho tópico ou nome geográfico | FLORA |
| 650 ## - ASSUNTO - THESAGRO | |
| Cabeçalho tópico ou nome geográfico | TAXONOMIA |
| 650 ## - ASSUNTO - THESAGRO | |
| Cabeçalho tópico ou nome geográfico | LANTANA UNDULATA |
| 650 ## - ASSUNTO - THESAGRO | |
| Cabeçalho tópico ou nome geográfico | LIPPIA ALBA |
| 650 ## - ASSUNTO - THESAGRO | |
| Cabeçalho tópico ou nome geográfico | STACHYTARPHETA CAYENNENSIS |
| 773 0# - ENTRADA ANALÍTICA | |
| Host Biblionumber | 709 |
| Registro do item | 348886 |
| Imprenta | Rio de Janeiro-RJ Jardim Botanico do Rio de Janeiro 1935 |
| Outro identificador | 2025-1382 |
| Título | Rodriguésia (Brazil) |
| ISSN | 0370-6583; 2175-7860 on-line |
| Colação | v. 66(1) p. 191-197; (2015) |
| Número de controle de registro | BR2024004994 |
| 856 ## - ACESSO E ENDEREÇO ELETRÔNICO | |
| Identificador uniforme de recurso - URI | https://www.scielo.br/j/rod/a/Fm9hPRFj5MqSxCXTp7szrCH/?format=pdf&lang=pt |
Nenhum exemplar disponível.

BINAGRI